Music Quiz

Random Music or Rock Quiz
Score 0/10 Timer 02:00
0 Plays Today
song clue musician % Correct
Like A Rolling StoneBob Dylan
96.3%
Fly Like an EagleSteve Miller
77.8%
I Want a New DrugHuey Lewis
70.4%
Sir DukeStevie Wonder
59.3%
RunaroundJohn Popper
51.9%
AqualungIan Anderson
51.9%
CenterfoldMagic Dick Salwitz
48.1%
Born in ChicagoPaul Butterfield
25.9%
Dear Mr. FantasyDave Mason
22.2%
Nights in White SatinRay Thomas
14.8%
Remove Ads.
Support Sporcle.
Get the best of Sporcle when you Go Orange. This ad-free experience offers more features, more stats, and more fun while also helping to support Sporcle. Thank you for becoming a member.

You're not logged in!

Compare scores with friends on all Sporcle quizzes.
OR
Log In

Show Comments

Extras

Top Quizzes Today


Score Distribution

Your Account Isn't Verified!

In order to create a playlist on Sporcle, you need to verify the email address you used during registration. Go to your Sporcle Settings to finish the process.

Report this User

Report this user for behavior that violates our Community Guidelines.

Details: